000 00345nam a2200121Ia 4500
008 151015s9999 xx 000 0 und d
050 _aDS 511.V6 1984
245 _aSingh,A.K
250 _a_History of Far East in Modern times A.K.Singh
300 _aDelhi Surjeet 1984
650 _a_History of far East
700 _a^d20110222 09:18:38^oanne
999 _c1405
_d1405